| 000 | 00830 a2200253 4500 | ||
|---|---|---|---|
| 001 | 216222010 | ||
| 003 | UA-OsUOA | ||
| 005 | 20220306174722.0 | ||
| 008 | 220208b un ||||| |||| 00| 0 ukr d | ||
| 020 | _a0908480016 | ||
| 040 |
_aUA-OsUOA _bukr _cUA-OsUOA _dUA-OsUOA |
||
| 041 | _aukr | ||
| 080 | _a82-3 | ||
| 090 |
_a82-3 _bА62 |
||
| 100 | _aAntonenko-Davydovych B. | ||
| 245 |
_aBehind the Curtain _cВ. Antonenko-Davydovych ; transl. by Y. Tkach |
||
| 260 |
_c1980 _ab.m. _bBayda Books |
||
| 300 | _a173 c. | ||
| 591 | _bОльга Матула | ||
| 650 |
_2UDC _a82-3 Художня література. Літературознавство |
||
| 942 |
_cBK _2udc |
||
| 955 | _a3 | ||
| 999 |
_c572166 _d572166 |
||